<?xml version="1.0" encoding="UTF-8"?><?xml-stylesheet type="text/xsl" href="static/style.xsl"?><OAI-PMH xmlns="http://www.openarchives.org/OAI/2.0/" xmlns:xsi="http://www.w3.org/2001/XMLSchema-instance" xsi:schemaLocation="http://www.openarchives.org/OAI/2.0/ http://www.openarchives.org/OAI/2.0/OAI-PMH.xsd"><responseDate>2026-06-07T08:00:25Z</responseDate><request verb="GetRecord" identifier="oai:riuma.uma.es:10630/28363" metadataPrefix="marc">https://riuma.uma.es/rest/oai/request</request><GetRecord><record><header><identifier>oai:riuma.uma.es:10630/28363</identifier><datestamp>2026-02-03T10:28:18Z</datestamp><setSpec>com_10630_1685</setSpec><setSpec>col_10630_38056</setSpec></header><metadata><record xmlns="http://www.loc.gov/MARC21/slim" xmlns:dcterms="http://purl.org/dc/terms/" xmlns:doc="http://www.lyncode.com/xoai" xmlns:xsi="http://www.w3.org/2001/XMLSchema-instance" xsi:schemaLocation="http://www.loc.gov/MARC21/slim http://www.loc.gov/standards/marcxml/schema/MARC21slim.xsd">
   <leader>00925njm 22002777a 4500</leader>
   <datafield ind2=" " ind1=" " tag="042">
      <subfield code="a">dc</subfield>
   </datafield>
   <datafield ind2=" " ind1=" " tag="720">
      <subfield code="a">Popa Popoa, Carmen Simona</subfield>
      <subfield code="e">author</subfield>
   </datafield>
   <datafield ind2=" " ind1=" " tag="260">
      <subfield code="c">2022</subfield>
   </datafield>
   <datafield ind2=" " ind1=" " tag="520">
      <subfield code="a">El objetivo general de la investigación se centra en la relación que puede existir entre el&#xd;
empleado de primera línea y la identificación del cliente con los servicios y productos&#xd;
recibidos en un establecimiento hotelero, y que el cliente percibe como una experiencia&#xd;
satisfactoria. En base a los resultados se buscará desarrollar una propuesta de mejora de la&#xd;
área de atención al cliente en recepción de Hotel Atarazanas Málaga Boutique , tomando&#xd;
en cuenta las debilidades en esta área de estudio.&#xd;
Por ello se da a conocer la ubicación exacta del hotel, se realiza un analizáis DAFO del&#xd;
mismo, se da a conocer el mapa de los actores: principales, secundarios y dentro del hotel,&#xd;
se hace una descripción de cada departamento que está implicado en este establecimiento&#xd;
hotelero, y se insiste en las funciones y atributos del departamento de atención al cliente en&#xd;
recepción de este hotel boutique de 3 estrellas.&#xd;
Para esta investigación se han utilizado tanto las fuentes secundarias que sirven de&#xd;
apoyo para el marco teórico del estudio, como las fuentes primarias que engloban&#xd;
encuestas cualitativas y cuantitativas. Los datos obtenidos han sido atentamente analizados&#xd;
y tratados para una mejora recopilación de la información. Al final del estudio se ha&#xd;
elaborado una matriz con las estrategias y acciones, y se han propuesto algunas&#xd;
recomendaciones.</subfield>
   </datafield>
   <datafield ind1="8" ind2=" " tag="024">
      <subfield code="a">https://hdl.handle.net/10630/28363</subfield>
   </datafield>
   <datafield tag="653" ind2=" " ind1=" ">
      <subfield code="a">Turismo hotelero</subfield>
   </datafield>
   <datafield tag="653" ind2=" " ind1=" ">
      <subfield code="a">Atención al cliente</subfield>
   </datafield>
   <datafield tag="653" ind2=" " ind1=" ">
      <subfield code="a">Hoteles</subfield>
   </datafield>
   <datafield tag="653" ind2=" " ind1=" ">
      <subfield code="a">Empresas - Administración</subfield>
   </datafield>
   <datafield ind2="0" ind1="0" tag="245">
      <subfield code="a">Plan de mejora para la atención al cliente en la recepción del Hotel Atarazanas Málaga Boutique.</subfield>
   </datafield>
</record>
</metadata></record></GetRecord></OAI-PMH>